| 000 | nam a22 a 4500 | ||
|---|---|---|---|
| 999 |
_c1435 _d1435 |
||
| 005 | 20170509150914.0 | ||
| 008 | 170509b1989 E ||||| |||| 00| 0 eng d | ||
| 020 |
_a0155397699 _c£28.50 |
||
| 040 | _aAKMAL | ||
| 082 | _a301 JOH | ||
| 090 |
_a301 _bJOH |
||
| 100 | 1 |
_aJohnson, Allan G. _92832 |
|
| 245 | 1 | 0 |
_aHuman arrangements : _ban introduction to sociology / _cAllan G. Johnson ; under the general editorship of Robert K. Merton. |
| 250 | _a2nd ed | ||
| 260 |
_aSan Diego _c1989. |
||
| 260 |
_aLondon _bHarcourt Brace Jovanovich, _c1989. |
||
| 300 |
_a xxviii, 686 p. _bill. (some col.) ; _c26 cm |
||
| 500 | _a Previous ed.: 1986. Bibliography: p. 633-666. - Includes index. | ||
| 599 | _aDALAM PROSES | ||
| 650 | 0 |
_aSociology. _92700 |
|
| 700 | 1 |
_aMerton, Robert King _d1910-2003. _92833 |
|
| 852 |
_aBritish Library _bDSC |
||
| 942 |
_2ddc _cBOOK |
||